| 000 | 00377nam a2200097Ia 4500 | ||
|---|---|---|---|
| 008 | 160329s9999 xx 000 0 und d | ||
| 245 | _aNew Media and Mass Communication | ||
| 500 | _aPublishes original papers at the forefront of Media and Mass Communication Research. | ||
| 650 | _aMass Communication. | ||
| 856 | _uhttp://www.library.esut.edu.ng/go?abbr=mass-communication&id=251 | ||
| 999 |
_c292877 _d292877 |
||